[Event "Guelph op"]
[Site "Guelph CAN"]
[Date "2004.08.01"]
[Round "7"]
[White "Harper, Ryan"]
[Black "Quan Zhe"]
[Result "1/2-1/2"]
[WhiteElo "2207"]
[BlackElo "2324"]
[PlyCount "120"]
[GameId "2160767911094906"]
[EventDate "2004.07.28"]
[EventType "swiss"]
[EventRounds "9"]
[EventCountry "CAN"]
[SourceTitle "CBM 101 Extra"]
[Source "ChessBase"]
[SourceDate "2004.09.01"]
[SourceVersion "2"]
[SourceVersionDate "2004.09.01"]
[SourceQuality "1"]

1. e4 c5 2. Nf3 e6 3. d4 cxd4 4. Nxd4 a6 5. Nc3 Qc7 6. Bd3 Nf6 7. Qe2 d6 8. g4 b5 9. g5 Nfd7 10. Be3 b4 11. Na4 Bb7 12. f4 Nc6 13. Nb3 Ne7 14. a3 d5 15. Nac5 bxa3 16. Rxa3 Ng6 17. Nxa6 Bxa6 18. Rxa6 Rxa6 19. Bxa6 dxe4 20. Bb5 Bd6 21. Qd2 Ke7 22. Nd4 Ra8 23. O-O Nh4 24. Bc6 Ra2 25. Bxe4 Nc5 26. Bh1 Rxb2 27. Qf2 Nd7 28. Qxh4 Qc3 29. Qe1 Qc4 30. Qa1 Ra2 31. Qd1 Bc5 32. Qd3 Qxd3 33. cxd3 Ke8 34. Bc6 Ra6 35. Bxd7+ Kxd7 36. Nc2 Bd6 37. Ra1 Rc6 38. Ra7+ Ke8 39. Nd4 Rc3 40. Nb5 Rxd3 41. Kf2 Bb4 42. Rb7 Bd2 43. Bxd2 Rxd2+ 44. Kf3 g6 45. Nc7+ Kf8 46. Rb8+ Ke7 47. Ne8 h6 48. Nf6 hxg5 49. fxg5 Rxh2 50. Rb7+ Kf8 51. Nd7+ Ke8 52. Ne5 Rh1 53. Kg2 Rd1 54. Nxf7 Rd5 55. Kg3 Kf8 56. Kg4 Rd4+ 57. Kf3 Rd5 58. Ke4 Rf5 59. Nd8 Ke8 60. Nxe6 Re5+ 1/2-1/2

[Event "Guelph op"]
[Site "Guelph CAN"]
[Date "2004.08.01"]
[Round "7"]
[White "Jonkman, Harmen"]
[Black "Thavandiran, Shiyam"]
[Result "1-0"]
[WhiteElo "2425"]
[BlackElo "2103"]
[PlyCount "75"]
[GameId "2160767911094907"]
[EventDate "2004.07.28"]
[EventType "swiss"]
[EventRounds "9"]
[EventCountry "CAN"]
[SourceTitle "CBM 101 Extra"]
[Source "ChessBase"]
[SourceDate "2004.09.01"]
[SourceVersion "2"]
[SourceVersionDate "2004.09.01"]
[SourceQuality "1"]

1. e4 e6 2. d4 d5 3. Nd2 Be7 4. Ngf3 Nf6 5. Bd3 c5 6. e5 Nfd7 7. c3 Nc6 8. O-O g5 9. Bb5 h5 10. Nb3 g4 11. Ne1 Qb6 12. Be2 a5 13. a4 Nf8 14. Nxc5 Bxc5 15. dxc5 Qc7 16. Bb5 Qxe5 17. Nd3 Qg7 18. Bf4 Ng6 19. Bd6 Nge7 20. c4 d4 21. Ne5 Bd7 22. Re1 Nf5 23. Qd2 f6 24. Nd3 h4 25. Re4 Kf7 26. Rae1 Rae8 27. Qe2 g3 28. fxg3 hxg3 29. h3 e5 30. Rf1 Rh6 31. Qe1 Reh8 32. Bxc6 bxc6 33. Nxe5+ fxe5 34. Bxe5 Qg5 35. Bxh8 Rxh8 36. Rxd4 Be6 37. Rg4 Qd8 38. Qxg3 1-0

[Event "Guelph op"]
[Site "Guelph CAN"]
[Date "2004.08.01"]
[Round "7"]
[White "Kret, Ted"]
[Black "Predescu, Sebastian"]
[Result "1/2-1/2"]
[WhiteElo "2143"]
[BlackElo "2221"]
[PlyCount "65"]
[GameId "2160767911094908"]
[EventDate "2004.07.28"]
[EventType "swiss"]
[EventRounds "9"]
[EventCountry "CAN"]
[SourceTitle "CBM 101 Extra"]
[Source "ChessBase"]
[SourceDate "2004.09.01"]
[SourceVersion "2"]
[SourceVersionDate "2004.09.01"]
[SourceQuality "1"]

1. d4 Nf6 2. c4 g6 3. Nc3 Bg7 4. e4 d6 5. f4 O-O 6. Nf3 Na6 7. Be2 e5 8. fxe5 dxe5 9. d5 Nc5 10. Qc2 a5 11. Bg5 h6 12. Bh4 Qd6 13. Nd2 c6 14. O-O Nh7 15. g4 Bf6 16. Bxf6 Nxf6 17. Qd1 b5 18. dxc6 bxc4 19. Nxc4 Qxc6 20. Qd6 Qxd6 21. Nxd6 Kg7 22. Nd5 Nxd5 23. exd5 Ba6 24. Bxa6 Rxa6 25. Rac1 Nd3 26. Rc6 Ra7 27. Nc4 e4 28. a3 Re8 29. d6 e3 30. Nxe3 Rxe3 31. Rc7 Rxc7 32. dxc7 Re8 33. Rd1 1/2-1/2

[Event "Guelph op"]
[Site "Guelph CAN"]
[Date "2004.08.01"]
[Round "7"]
[White "Lapshun, Yury"]
[Black "Barsov, Alexei"]
[Result "1/2-1/2"]
[WhiteElo "2444"]
[BlackElo "2497"]
[PlyCount "21"]
[GameId "2160767911094909"]
[EventDate "2004.07.28"]
[EventType "swiss"]
[EventRounds "9"]
[EventCountry "CAN"]
[SourceTitle "CBM 101 Extra"]
[Source "ChessBase"]
[SourceDate "2004.09.01"]
[SourceVersion "2"]
[SourceVersionDate "2004.09.01"]
[SourceQuality "1"]

1. e4 e6 2. d4 d5 3. Nc3 b6 4. Nf3 Nf6 5. Bd3 Bb7 6. Qe2 Bb4 7. exd5 Qxd5 8. O-O Bxc3 9. bxc3 Nbd7 10. Re1 Qh5 11. Ne5 1/2-1/2

[Event "Guelph op"]
[Site "Guelph CAN"]
[Date "2004.08.01"]
[Round "7"]
[White "MacPhail, John"]
[Black "Stevens, Christian"]
[Result "1/2-1/2"]
[WhiteElo "2339"]
[BlackElo "2266"]
[PlyCount "84"]
[GameId "2160767911094910"]
[EventDate "2004.07.28"]
[EventType "swiss"]
[EventRounds "9"]
[EventCountry "CAN"]
[SourceTitle "CBM 101 Extra"]
[Source "ChessBase"]
[SourceDate "2004.09.01"]
[SourceVersion "2"]
[SourceVersionDate "2004.09.01"]
[SourceQuality "1"]

1. e4 c5 2. Nf3 e6 3. d4 cxd4 4. Nxd4 a6 5. Bd3 Bc5 6. Nb3 Be7 7. Nc3 d6 8. Be3 Nd7 9. f4 b5 10. Qg4 g6 11. Qe2 Bb7 12. a3 Ngf6 13. O-O-O Rc8 14. Kb1 Rxc3 15. bxc3 O-O 16. f5 exf5 17. exf5 Re8 18. fxg6 hxg6 19. Bd4 Bf8 20. Qf2 Ne5 21. Rhf1 Bg7 22. Rde1 Bd5 23. Nd2 Qa5 24. Kb2 Qa4 25. Bxe5 dxe5 26. Qb6 Bf8 27. Nb1 Re6 28. Qd8 Rd6 29. Qb8 e4 30. Rf4 Qa5 31. Be2 Nd7 32. Qe8 Nc5 33. Rd1 Na4+ 34. Kc1 Nxc3 35. Rxd5 Nxe2+ 36. Kb2 Nxf4 37. Rxd6 b4 38. Rf6 bxa3+ 39. Ka1 Qc7 40. Rc6 Qa5 41. Rf6 Qc7 42. Rc6 Qa5 1/2-1/2

[Event "Guelph op"]
[Site "Guelph CAN"]
[Date "2004.08.01"]
[Round "7"]
[White "Moiseenko, Alexander"]
[Black "Hutters, Tomas"]
[Result "1-0"]
[WhiteElo "2640"]
[BlackElo "2425"]
[PlyCount "105"]
[GameId "2160767911094911"]
[EventDate "2004.07.28"]
[EventType "swiss"]
[EventRounds "9"]
[EventCountry "CAN"]
[SourceTitle "CBM 101 Extra"]
[Source "ChessBase"]
[SourceDate "2004.09.01"]
[SourceVersion "2"]
[SourceVersionDate "2004.09.01"]
[SourceQuality "1"]

1. d4 e6 2. Nf3 c5 3. g3 cxd4 4. Nxd4 Nf6 5. Bg2 d5 6. O-O e5 7. Nb3 Be6 8. Nc3 Be7 9. f4 e4 10. f5 Bc8 11. Bg5 Nbd7 12. Qd4 Nb6 13. Rad1 Bd7 14. Kh1 Qc8 15. Qf2 Bc6 16. h3 h6 17. Bc1 Na4 18. Nxa4 Bxa4 19. c3 Bxb3 20. axb3 Bc5 21. Qf4 O-O 22. g4 Qd8 23. g5 hxg5 24. Qxg5 Qe7 25. Bf4 Bd6 26. c4 Bxf4 27. Rxf4 Qe5 28. Rg1 Rfd8 29. Rh4 Rd6 30. cxd5 Nh7 31. Qe3 Nf6 32. Bxe4 Nxe4 33. Rxe4 Qxf5 34. Re5 Qf6 35. Qg3 g6 36. e4 Rd7 37. h4 Kg7 38. Rf5 Qd6 39. Qc3+ Kh6 40. h5 Qe7 41. Qe3+ Kg7 42. Qd4+ Kg8 43. Rf6 Rd6 44. Rxd6 Qh4+ 45. Kg2 Qg4+ 46. Kf2 Qf4+ 47. Ke1 Qxd6 48. h6 f6 49. Rxg6+ Kh7 50. Rxf6 Qg3+ 51. Qf2 Qxb3 52. Rf7+ Kg8 53. h7+ 1-0

[Event "Guelph op"]
[Site "Guelph CAN"]
[Date "2004.08.01"]
[Round "7"]
[White "Noritsyn, Nikolay"]
[Black "Henry, Liam"]
[Result "1-0"]
[WhiteElo "2275"]
[BlackElo "2063"]
[PlyCount "39"]
[GameId "2160767911094912"]
[EventDate "2004.07.28"]
[EventType "swiss"]
[EventRounds "9"]
[EventCountry "CAN"]
[SourceTitle "CBM 101 Extra"]
[Source "ChessBase"]
[SourceDate "2004.09.01"]
[SourceVersion "2"]
[SourceVersionDate "2004.09.01"]
[SourceQuality "1"]

1. e4 c5 2. Nf3 d6 3. d4 cxd4 4. Nxd4 Nf6 5. Nc3 a6 6. Bg5 e6 7. f4 Be7 8. Qf3 Qc7 9. O-O-O Nbd7 10. g4 h6 11. Bxf6 Bxf6 12. h4 Qb6 13. Nde2 Nc5 14. g5 hxg5 15. hxg5 Rxh1 16. Qxh1 Be7 17. Qh7 Bf8 18. g6 f6 19. Qg8 Qc7 20. b4 1-0

[Event "Guelph op"]
[Site "Guelph CAN"]
[Date "2004.08.01"]
[Round "7"]
[White "Ochkoos, Jura"]
[Black "Burnett, Ronald"]
[Result "0-1"]
[WhiteElo "2299"]
[BlackElo "2439"]
[PlyCount "104"]
[GameId "2160767911094913"]
[EventDate "2004.07.28"]
[EventType "swiss"]
[EventRounds "9"]
[EventCountry "CAN"]
[SourceTitle "CBM 101 Extra"]
[Source "ChessBase"]
[SourceDate "2004.09.01"]
[SourceVersion "2"]
[SourceVersionDate "2004.09.01"]
[SourceQuality "1"]

1. e4 g6 2. d4 d6 3. Nc3 Bg7 4. Be3 a6 5. Qd2 b5 6. f3 Nd7 7. a4 b4 8. Nd1 Rb8 9. Ne2 c5 10. b3 Ngf6 11. Nb2 O-O 12. O-O-O cxd4 13. Bxd4 Bb7 14. g4 e5 15. Ba7 Rc8 16. Ng3 Qc7 17. Qf2 Bh6+ 18. Kb1 d5 19. exd5 Bxd5 20. Bc4 Qb7 21. Rhf1 Rc7 22. Be3 Bxe3 23. Qxe3 Bxc4 24. bxc4 b3 25. cxb3 Nc5 26. Rd6 Ne8 27. Rd8 Qxb3 28. Qxb3 Nxb3 29. Rfd1 Nd4 30. Ne4 Kg7 31. g5 f5 32. gxf6+ Nxf6 33. R1xd4 exd4 34. Rxf8 Nxe4 35. Rf4 Nd2+ 36. Kc2 Nxc4 37. Nxc4 Rxc4+ 38. Kb3 Rc3+ 39. Kb4 Re3 40. Ka5 d3 41. Rd4 Rxf3 42. Kxa6 Rh3 43. a5 Rxh2 44. Rxd3 h5 45. Ra3 Rb2 46. Ka7 h4 47. a6 Kh6 48. Ka8 g5 49. a7 Kh5 50. Ra5 Rf2 51. Rc5 Ra2 52. Rc8 h3 0-1

[Event "Guelph op"]
[Site "Guelph CAN"]
[Date "2004.08.01"]
[Round "7"]
[White "Peredun, Andrew"]
[Black "Dougherty, Michael"]
[Result "1-0"]
[WhiteElo "2303"]
[BlackElo "2229"]
[PlyCount "101"]
[GameId "2160767911094914"]
[EventDate "2004.07.28"]
[EventType "swiss"]
[EventRounds "9"]
[EventCountry "CAN"]
[SourceTitle "CBM 101 Extra"]
[Source "ChessBase"]
[SourceDate "2004.09.01"]
[SourceVersion "2"]
[SourceVersionDate "2004.09.01"]
[SourceQuality "1"]

1. e4 c5 2. Nf3 Nc6 3. Bb5 e6 4. O-O Nge7 5. Nc3 a6 6. Bxc6 Nxc6 7. d4 cxd4 8. Nxd4 Be7 9. Re1 O-O 10. e5 Nxd4 11. Qxd4 d6 12. exd6 Bxd6 13. Bf4 Bxf4 14. Qxf4 b5 15. Rad1 Qb6 16. Rd6 Qc7 17. Red1 Bb7 18. Qd4 Bc6 19. h4 Rfe8 20. h5 e5 21. Qc5 Rac8 22. h6 gxh6 23. Qe3 b4 24. Ne2 Re6 25. Rxe6 fxe6 26. Qxh6 Qf7 27. c4 Qg6 28. Qxg6+ hxg6 29. Ng3 Kf7 30. f3 Ke7 31. Kf2 Rf8 32. Ke3 Rf4 33. b3 g5 34. Ne4 g4 35. Rh1 Bxe4 36. fxe4 Kd6 37. Rh8 g3 38. Ra8 Rf2 39. Rxa6+ Kd7 40. Rb6 Rxg2 41. Kf3 Rxa2 42. Kxg3 Rd2 43. Rxb4 Ke7 44. Kf3 Kf6 45. c5 Rc2 46. Rc4 Rxc4 47. bxc4 Ke7 48. Kg4 Kd7 49. Kg5 Kc6 50. Kf6 Kxc5 51. Kxe6 1-0

[Event "Guelph op"]
[Site "Guelph CAN"]
[Date "2004.08.01"]
[Round "7"]
[White "Wang, David"]
[Black "Tseitlin, Mark D"]
[Result "0-1"]
[WhiteElo "2110"]
[BlackElo "2484"]
[PlyCount "84"]
[GameId "2160767911094915"]
[EventDate "2004.07.28"]
[EventType "swiss"]
[EventRounds "9"]
[EventCountry "CAN"]
[SourceTitle "CBM 101 Extra"]
[Source "ChessBase"]
[SourceDate "2004.09.01"]
[SourceVersion "2"]
[SourceVersionDate "2004.09.01"]
[SourceQuality "1"]

1. e4 c5 2. Nf3 Nc6 3. d4 cxd4 4. Nxd4 Nf6 5. Nc3 d6 6. Bc4 e6 7. Bb3 Be7 8. O-O O-O 9. Be3 Bd7 10. f4 Nxd4 11. Bxd4 Bc6 12. Qd3 b5 13. a3 a5 14. e5 dxe5 15. fxe5 Nd7 16. Qe3 Qc7 17. Ne2 Bb7 18. c3 Qc6 19. Qh3 Bc5 20. Kh1 b4 21. axb4 axb4 22. cxb4 Rxa1 23. Rxa1 Bxb4 24. Rc1 Qa6 25. Bc4 Qa5 26. Bd3 g6 27. Qg3 Bd2 28. Rf1 Bh6 29. Bc3 Qd5 30. Bc2 Nc5 31. Rd1 Qc4 32. Nd4 Bg7 33. b3 Qa6 34. Ra1 Qb6 35. Ba5 Qa7 36. Qc3 Rc8 37. Bc7 Na6 38. Nb5 Qf2 39. Rg1 Nxc7 40. Nxc7 Bh6 41. Qh3 Be3 42. Rd1 Qxc2 0-1

[Event "Guelph op"]
[Site "Guelph CAN"]
[Date "2004.08.01"]
[Round "8"]
[White "Arencibia Rodriguez, Walter"]
[Black "Moiseenko, Alexander"]
[Result "1/2-1/2"]
[WhiteElo "2531"]
[BlackElo "2640"]
[PlyCount "24"]
[GameId "2160767911094916"]
[EventDate "2004.07.28"]
[EventType "swiss"]
[EventRounds "9"]
[EventCountry "CAN"]
[SourceTitle "CBM 101 Extra"]
[Source "ChessBase"]
[SourceDate "2004.09.01"]
[SourceVersion "2"]
[SourceVersionDate "2004.09.01"]
[SourceQuality "1"]

1. e4 c5 2. c3 e6 3. d4 d5 4. exd5 exd5 5. Be3 cxd4 6. cxd4 Nc6 7. Nf3 Nxd4 8. Nxd4 Nf6 9. Bb5+ Bd7 10. Bxd7+ Qxd7 11. O-O Be7 12. Nd2 O-O 1/2-1/2

[Event "Guelph op"]
[Site "Guelph CAN"]
[Date "2004.08.01"]
[Round "8"]
[White "Barsov, Alexei"]
[Black "Quan Zhe"]
[Result "0-1"]
[WhiteElo "2497"]
[BlackElo "2324"]
[PlyCount "76"]
[GameId "2160767911094917"]
[EventDate "2004.07.28"]
[EventType "swiss"]
[EventRounds "9"]
[EventCountry "CAN"]
[SourceTitle "CBM 101 Extra"]
[Source "ChessBase"]
[SourceDate "2004.09.01"]
[SourceVersion "2"]
[SourceVersionDate "2004.09.01"]
[SourceQuality "1"]

1. d4 Nf6 2. c4 c5 3. d5 b5 4. cxb5 a6 5. bxa6 g6 6. Nc3 Bxa6 7. g3 Bg7 8. Bg2 d6 9. Nf3 Nbd7 10. Rb1 O-O 11. O-O Qa5 12. Qc2 Rfb8 13. Bd2 Ne8 14. a4 Ne5 15. Nxe5 Bxe5 16. b3 Rb7 17. f4 Bg7 18. Bf3 Rab8 19. Kg2 Nf6 20. Nb5 Qd8 21. Na3 e6 22. dxe6 fxe6 23. Nc4 Nd5 24. Rfd1 Qe7 25. h4 Rc7 26. Qd3 Rd7 27. h5 Nf6 28. Qe3 gxh5 29. f5 e5 30. Kg1 e4 31. Bg2 d5 32. Qf4 Re8 33. Nb6 Rb7 34. a5 Bxe2 35. Re1 Rc7 36. Bc3 Qd8 37. Bxf6 Bxf6 38. Nxd5 Be5 0-1

[Event "Guelph op"]
[Site "Guelph CAN"]
[Date "2004.08.01"]
[Round "8"]
[White "Dougherty, Michael"]
[Black "Peng, David Yu"]
[Result "1/2-1/2"]
[WhiteElo "2229"]
[BlackElo "2038"]
[PlyCount "64"]
[GameId "2160767911094919"]
[EventDate "2004.07.28"]
[EventType "swiss"]
[EventRounds "9"]
[EventCountry "CAN"]
[SourceTitle "CBM 101 Extra"]
[Source "ChessBase"]
[SourceDate "2004.09.01"]
[SourceVersion "2"]
[SourceVersionDate "2004.09.01"]
[SourceQuality "1"]

1. d4 f5 2. Nf3 Nf6 3. Bg5 e6 4. Nbd2 d5 5. g4 Be7 6. gxf5 exf5 7. e3 c6 8. c4 O-O 9. Bd3 Be6 10. Qb3 b6 11. Ne5 Nfd7 12. Bxe7 Qxe7 13. Ndf3 Nxe5 14. Nxe5 Qd6 15. f4 Nd7 16. cxd5 Qxd5 17. Qxd5 Bxd5 18. Bc4 Bxc4 19. Nxc4 Rfd8 20. b4 c5 21. dxc5 bxc5 22. b5 Nb6 23. Ne5 Nd5 24. Rc1 Nxe3 25. Ke2 Nd5 26. Kf3 a6 27. Nc6 Rd6 28. Rxc5 axb5 29. Rhc1 Ra3+ 30. Kf2 Rxa2+ 31. Kf3 Ra3+ 32. Kf2 Ra2+ 1/2-1/2

[Event "Guelph op"]
[Site "Guelph CAN"]
[Date "2004.08.01"]
[Round "8"]
[White "Filipovich, David"]
[Black "Predescu, Sebastian"]
[Result "1/2-1/2"]
[WhiteElo "2210"]
[BlackElo "2221"]
[PlyCount "59"]
[GameId "2160767911094920"]
[EventDate "2004.07.28"]
[EventType "swiss"]
[EventRounds "9"]
[EventCountry "CAN"]
[SourceTitle "CBM 101 Extra"]
[Source "ChessBase"]
[SourceDate "2004.09.01"]
[SourceVersion "2"]
[SourceVersionDate "2004.09.01"]
[SourceQuality "1"]

1. Nf3 Nf6 2. g3 g6 3. Bg2 Bg7 4. O-O O-O 5. d4 d6 6. b3 Nbd7 7. Bb2 c6 8. Nbd2 Qc7 9. e4 e5 10. Re1 b5 11. a4 Bb7 12. c4 bxa4 13. Rxa4 c5 14. dxe5 dxe5 15. Qc2 Rfe8 16. Nb1 Nb8 17. Nc3 Nc6 18. Nd5 Qc8 19. Nd2 Nd7 20. Bh3 Qd8 21. Bc3 Nb6 22. Raa1 Nd4 23. Bxd4 exd4 24. Rab1 a5 25. Bg2 Bxd5 26. cxd5 Bf8 27. Ra1 Bd6 28. f4 f6 29. Bh3 Qc7 30. Be6+ 1/2-1/2

[Event "Guelph op"]
[Site "Guelph CAN"]
[Date "2004.08.01"]
[Round "8"]
[White "Henry, Liam"]
[Black "Peredun, Andrew"]
[Result "0-1"]
[WhiteElo "2062"]
[BlackElo "2303"]
[PlyCount "60"]
[GameId "2160767911094921"]
[EventDate "2004.07.28"]
[EventType "swiss"]
[EventRounds "9"]
[EventCountry "CAN"]
[SourceTitle "CBM 101 Extra"]
[Source "ChessBase"]
[SourceDate "2004.09.01"]
[SourceVersion "2"]
[SourceVersionDate "2004.09.01"]
[SourceQuality "1"]

1. e4 c5 2. Nf3 e6 3. d4 cxd4 4. Nxd4 Nf6 5. Nc3 Nc6 6. Ndb5 Bb4 7. a3 Bxc3+ 8. Nxc3 d5 9. exd5 exd5 10. Bd3 O-O 11. O-O d4 12. Ne2 Bg4 13. f3 Bh5 14. Bg5 Qd6 15. Qd2 Nd5 16. Be4 f6 17. Bxd5+ Qxd5 18. Be3 Rfe8 19. Bf2 Rad8 20. Rad1 Qb5 21. Nxd4 Qxb2 22. Rb1 Nxd4 23. Rxb2 Nxf3+ 24. gxf3 Rxd2 25. Rxb7 Bxf3 26. Rxa7 Rxc2 27. a4 h5 28. a5 Re5 29. h4 Re4 30. Bg3 Rg2+ 0-1

[Event "Guelph op"]
[Site "Guelph CAN"]
[Date "2004.08.01"]
[Round "8"]
[White "Hutters, Tomas"]
[Black "Lapshun, Yury"]
[Result "1-0"]
[WhiteElo "2425"]
[BlackElo "2444"]
[PlyCount "53"]
[GameId "2160767911094922"]
[EventDate "2004.07.28"]
[EventType "swiss"]
[EventRounds "9"]
[EventCountry "CAN"]
[SourceTitle "CBM 101 Extra"]
[Source "ChessBase"]
[SourceDate "2004.09.01"]
[SourceVersion "2"]
[SourceVersionDate "2004.09.01"]
[SourceQuality "1"]

1. Nf3 d5 2. d4 Nf6 3. c4 c6 4. Qc2 g6 5. Bf4 Na6 6. e3 Bf5 7. Qb3 Nb4 8. Qxb4 e5 9. Qxb7 Rb8 10. Qxc6+ Bd7 11. Qxf6 Qxf6 12. Bxe5 Qb6 13. b3 Qa5+ 14. Nbd2 Rxb3 15. Bxh8 Bb4 16. Rd1 Rb2 17. Bd3 Ba4 18. Ke2 Bxd1+ 19. Rxd1 Qxa2 20. cxd5 Bc3 21. d6 a5 22. Bf6 a4 23. Ne5 Rxd2+ 24. Rxd2 Qxd2+ 25. Kf3 Ba5 26. Be7 Qb4 27. Bc4 1-0

[Event "Guelph op"]
[Site "Guelph CAN"]
[Date "2004.08.01"]
[Round "8"]
[White "Livshits, Ron"]
[Black "Divljan, Igor"]
[Result "1-0"]
[WhiteElo "2346"]
[BlackElo "2317"]
[PlyCount "57"]
[GameId "2160767911094923"]
[EventDate "2004.07.28"]
[EventType "swiss"]
[EventRounds "9"]
[EventCountry "CAN"]
[SourceTitle "CBM 101 Extra"]
[Source "ChessBase"]
[SourceDate "2004.09.01"]
[SourceVersion "2"]
[SourceVersionDate "2004.09.01"]
[SourceQuality "1"]

1. Nf3 Nf6 2. c4 e6 3. Nc3 c5 4. g3 b6 5. Bg2 Bb7 6. O-O Be7 7. Re1 d6 8. e4 a6 9. d4 cxd4 10. Nxd4 Qc7 11. Be3 Nbd7 12. f4 O-O 13. Rc1 Rac8 14. f5 exf5 15. Nxf5 Rfe8 16. Bd4 Bf8 17. Qd2 Ne5 18. Qg5 Nfd7 19. Nd5 Bxd5 20. exd5 f6 21. Qd2 g6 22. Nh4 f5 23. b4 Bg7 24. Kh1 Nxc4 25. Bxg7 Kxg7 26. Qg5 Qd8 27. Nxf5+ Kh8 28. Ne7 Rc7 29. Nxg6+ 1-0

[Event "Guelph op"]
[Site "Guelph CAN"]
[Date "2004.08.01"]
[Round "8"]
[White "Noritsyn, Nikolay"]
[Black "Harper, Ryan"]
[Result "1/2-1/2"]
[WhiteElo "2175"]
[BlackElo "2207"]
[PlyCount "108"]
[GameId "2160767911094924"]
[EventDate "2004.07.28"]
[EventType "swiss"]
[EventRounds "9"]
[EventCountry "CAN"]
[SourceTitle "CBM 101 Extra"]
[Source "ChessBase"]
[SourceDate "2004.09.01"]
[SourceVersion "2"]
[SourceVersionDate "2004.09.01"]
[SourceQuality "1"]

1. e4 b6 2. d4 Bb7 3. Nc3 e6 4. Bd3 g6 5. Nf3 Bg7 6. Bg5 Ne7 7. e5 h6 8. Bf4 a6 9. Ne4 Nf5 10. h4 d5 11. exd6 Nxd6 12. Qe2 Nxe4 13. Bxe4 Bxe4 14. Qxe4 Ra7 15. h5 g5 16. Be5 O-O 17. Bxg7 Kxg7 18. O-O-O Qd5 19. Qe3 Nd7 20. Kb1 Raa8 21. Ne5 Rad8 22. c4 Qd6 23. Ng4 f5 24. Nh2 Nf6 25. Nf3 Ng4 26. Qd2 Qc6 27. Qc2 Qe4 28. Rd2 Qxc2+ 29. Kxc2 Rfe8 30. Re2 Nf6 31. Rhe1 Ne4 32. Nd2 Nxd2 33. Rxd2 Kf7 34. f3 f4 35. Re4 c5 36. a3 Rd6 37. dxc5 Rxd2+ 38. Kxd2 bxc5 39. b4 Kf6 40. b5 e5 41. Kc3 Rb8 42. a4 a5 43. Re2 Kf5 44. Rd2 g4 45. Rd5 gxf3 46. gxf3 Rc8 47. Kd3 Rc7 48. Ke2 Rc8 49. Kf2 Ke6 50. Ke2 Kf5 51. Ke1 Ke6 52. Kf2 Kf5 53. Ke1 Ke6 54. Ke2 Kf5 1/2-1/2

[Event "Guelph op"]
[Site "Guelph CAN"]
[Date "2004.08.01"]
[Round "8"]
[White "Stevens, Christian"]
[Black "Jonkman, Harmen"]
[Result "1/2-1/2"]
[WhiteElo "2266"]
[BlackElo "2425"]
[PlyCount "114"]
[GameId "2160767911094925"]
[EventDate "2004.07.28"]
[EventType "swiss"]
[EventRounds "9"]
[EventCountry "CAN"]
[SourceTitle "CBM 101 Extra"]
[Source "ChessBase"]
[SourceDate "2004.09.01"]
[SourceVersion "2"]
[SourceVersionDate "2004.09.01"]
[SourceQuality "1"]

1. e4 e5 2. Nf3 Nc6 3. Bb5 f5 4. d3 fxe4 5. dxe4 Nf6 6. O-O Bc5 7. Bxc6 bxc6 8. Nxe5 O-O 9. Nd3 Nxe4 10. Nxc5 Nxc5 11. Nc3 d6 12. b3 Qh4 13. Be3 Nd7 14. Qd4 Qxd4 15. Bxd4 c5 16. Be3 Nf6 17. f3 Bb7 18. Rfe1 Bc6 19. Re2 Kf7 20. Rae1 Rfe8 21. Kf2 h6 22. Bc1 Rxe2+ 23. Rxe2 Nd7 24. Re1 Nf8 25. Bb2 Ne6 26. Nb1 a5 27. Nd2 a4 28. Nc4 Bb5 29. Ne3 axb3 30. axb3 Ra2 31. Bc3 Nd4 32. Ra1 Rxa1 33. Bxa1 Bd7 34. b4 Ne6 35. bxc5 Nxc5 36. Nd5 Ne6 37. Ke3 Ba4 38. Kd2 h5 39. Bb2 Bc6 40. Nb4 Bb5 41. Ke3 Bf1 42. Kf2 Bc4 43. Ke3 c5 44. Nd3 g5 45. Nf2 d5 46. Nd3 Bxd3 47. cxd3 Kg6 48. g4 h4 49. Be5 h3 50. Kf2 Nd8 51. Kg3 Nc6 52. Bd6 c4 53. dxc4 dxc4 54. Kxh3 Nd4 55. Kg3 c3 56. Kf2 c2 57. Ba3 Nb3 1/2-1/2

[Event "Guelph op"]
[Site "Guelph CAN"]
[Date "2004.08.01"]
[Round "8"]
[White "Thavandiran, Shiyam"]
[Black "Kret, Ted"]
[Result "1/2-1/2"]
[WhiteElo "2103"]
[BlackElo "2142"]
[PlyCount "129"]
[GameId "2160767911094926"]
[EventDate "2004.07.28"]
[EventType "swiss"]
[EventRounds "9"]
[EventCountry "CAN"]
[SourceTitle "CBM 101 Extra"]
[Source "ChessBase"]
[SourceDate "2004.09.01"]
[SourceVersion "2"]
[SourceVersionDate "2004.09.01"]
[SourceQuality "1"]

1. e4 e6 2. d4 d5 3. Nd2 Nf6 4. e5 Nfd7 5. Bd3 c5 6. c3 Nc6 7. Ne2 cxd4 8. cxd4 f6 9. exf6 Nxf6 10. Nf3 Bd6 11. O-O Qc7 12. Bg5 O-O 13. Bh4 a6 14. Bg3 Nh5 15. Bxd6 Qxd6 16. Ng3 Nf4 17. Re1 Nxd3 18. Qxd3 Qf4 19. Ne2 Qh6 20. Ne5 Nxe5 21. dxe5 Bd7 22. Nd4 Rac8 23. g3 Rc4 24. f4 Rfc8 25. Qd2 Qg6 26. b3 Rc3 27. Rac1 Rxc1 28. Rxc1 Rxc1+ 29. Qxc1 Qd3 30. Qb2 b5 31. Qf2 b4 32. h3 Kf7 33. g4 Qxh3 34. Qf3 Qxf3 35. Nxf3 Bb5 36. Nd4 h6 37. Kf2 g6 38. Ke3 Ke7 39. g5 h5 40. Nf3 Bf1 41. Nh4 Kf7 42. Kd4 a5 43. Kc5 Be2 44. Ng2 Bf3 45. Nh4 Be4 46. Kd4 Bb1 47. Nf3 Bxa2 48. Nd2 h4 49. Ke3 d4+ 50. Kf3 Bxb3 51. Nxb3 a4 52. Nxd4 b3 53. Nb5 b2 54. Na3 Ke7 55. Kg4 Kd7 56. Kxh4 Kc6 57. f5 exf5 58. Kg3 Kd5 59. Kf4 Kc6 60. Nb1 Kc5 61. Ke3 Kb4 62. e6 a3 63. e7 a2 64. e8=Q axb1=Q 65. Qb8+ 1/2-1/2

[Event "Guelph op"]
[Site "Guelph CAN"]
[Date "2004.08.01"]
[Round "8"]
[White "Tseitlin, Mark D"]
[Black "Ochkoos, Jura"]
[Result "1-0"]
[WhiteElo "2484"]
[BlackElo "2299"]
[PlyCount "97"]
[GameId "2160767911094927"]
[EventDate "2004.07.28"]
[EventType "swiss"]
[EventRounds "9"]
[EventCountry "CAN"]
[SourceTitle "CBM 101 Extra"]
[Source "ChessBase"]
[SourceDate "2004.09.01"]
[SourceVersion "2"]
[SourceVersionDate "2004.09.01"]
[SourceQuality "1"]

1. Nf3 d5 2. g3 Nf6 3. Bg2 e6 4. O-O Be7 5. d3 O-O 6. Nbd2 a5 7. a4 b6 8. e4 Bb7 9. e5 Nfd7 10. Re1 c5 11. h4 Nc6 12. Nf1 Re8 13. N1h2 f6 14. exf6 Bxf6 15. Ng4 Ra7 16. Nxf6+ Nxf6 17. Bf4 Bc8 18. c3 Rae7 19. d4 h6 20. Ne5 Nxe5 21. Bxe5 Rf7 22. Bf4 Bd7 23. Qc2 Qc8 24. Re2 b5 25. axb5 Bxb5 26. Rd2 Ne4 27. Rxa5 Nxd2 28. Qxd2 Rb7 29. b3 cxd4 30. Qxd4 Qd8 31. b4 Qb6 32. Qe5 Rf7 33. Bh3 Qc6 34. Bg4 Qc4 35. Bh3 Rf5 36. Qe1 e5 37. Bxh6 Rf7 38. Bd2 d4 39. Bg2 dxc3 40. Bxc3 e4 41. Qe3 Rf3 42. Qg5 Rxc3 43. Rxb5 Qd4 44. Qg6 Rc1+ 45. Kh2 Rcc8 46. Rh5 Re5 47. Qh7+ Kf7 48. Rf5+ Ke6 49. Rxe5+ 1-0